<?xml version="1.0" encoding="UTF-8"?>
<marc:record xmlns:marc="http://www.loc.gov/MARC21/slim" type="Bibliographic">
   <marc:leader>00000pam a2200000 c 4500</marc:leader>
   <marc:controlfield tag="001">989298817</marc:controlfield>
   <marc:controlfield tag="003">DE-101</marc:controlfield>
   <marc:controlfield tag="005">20171202073325.0</marc:controlfield>
   <marc:controlfield tag="007">tu</marc:controlfield>
   <marc:controlfield tag="008">080623s2008    sz ||||| |||| 00||||ger  </marc:controlfield>
   <marc:datafield ind1=" " ind2=" " tag="015">
      <marc:subfield code="a">09,A04,0162</marc:subfield>
      <marc:subfield code="z">08,N28,0115</marc:subfield>
      <marc:subfield code="2">dnb</marc:subfield>
   </marc:datafield>
   <marc:datafield ind1="7" ind2=" " tag="016">
      <marc:subfield code="2">DE-101</marc:subfield>
      <marc:subfield code="a">989298817</marc:subfield>
   </marc:datafield>
   <marc:datafield ind1=" " ind2=" " tag="020">
      <marc:subfield code="a">9783456846323</marc:subfield>
      <marc:subfield code="c">kart. : EUR 14.95</marc:subfield>
      <marc:subfield code="9">978-3-456-84632-3</marc:subfield>
   </marc:datafield>
   <marc:datafield ind1="3" ind2=" " tag="024">
      <marc:subfield code="a">9783456846323</marc:subfield>
   </marc:datafield>
   <marc:datafield ind1=" " ind2=" " tag="035">
      <marc:subfield code="a">(DE-599)DNB989298817</marc:subfield>
   </marc:datafield>
   <marc:datafield ind1=" " ind2=" " tag="035">
      <marc:subfield code="a">(OCoLC)298550399</marc:subfield>
   </marc:datafield>
   <marc:datafield ind1=" " ind2=" " tag="040">
      <marc:subfield code="a">1145</marc:subfield>
      <marc:subfield code="b">ger</marc:subfield>
      <marc:subfield code="c">DE-101</marc:subfield>
      <marc:subfield code="d">9999</marc:subfield>
   </marc:datafield>
   <marc:datafield ind1=" " ind2=" " tag="041">
      <marc:subfield code="a">ger</marc:subfield>
   </marc:datafield>
   <marc:datafield ind1=" " ind2=" " tag="044">
      <marc:subfield code="c">XA-CH</marc:subfield>
   </marc:datafield>
   <marc:datafield ind1="0" ind2="4" tag="082">
      <marc:subfield code="8">1\u</marc:subfield>
      <marc:subfield code="a">154.2</marc:subfield>
      <marc:subfield code="q">DE-101</marc:subfield>
      <marc:subfield code="2">22/ger</marc:subfield>
   </marc:datafield>
   <marc:datafield ind1="0" ind2=" " tag="083">
      <marc:subfield code="8">2\u</marc:subfield>
      <marc:subfield code="a">362.296</marc:subfield>
      <marc:subfield code="q">DE-101</marc:subfield>
      <marc:subfield code="2">22/ger</marc:subfield>
   </marc:datafield>
   <marc:datafield ind1="7" ind2=" " tag="083">
      <marc:subfield code="a">150</marc:subfield>
      <marc:subfield code="a">360</marc:subfield>
      <marc:subfield code="a">610</marc:subfield>
      <marc:subfield code="q">DE-101</marc:subfield>
      <marc:subfield code="2">22sdnb</marc:subfield>
   </marc:datafield>
   <marc:datafield ind1=" " ind2=" " tag="085">
      <marc:subfield code="8">1\u</marc:subfield>
      <marc:subfield code="b">154.2</marc:subfield>
   </marc:datafield>
   <marc:datafield ind1=" " ind2=" " tag="085">
      <marc:subfield code="8">2\u</marc:subfield>
      <marc:subfield code="b">362.296</marc:subfield>
   </marc:datafield>
   <marc:datafield ind1=" " ind2=" " tag="090">
      <marc:subfield code="a">b</marc:subfield>
   </marc:datafield>
   <marc:datafield ind1="1" ind2=" " tag="100">
      <marc:subfield code="0">(DE-588)121855953</marc:subfield>
      <marc:subfield code="0">http://d-nb.info/gnd/121855953</marc:subfield>
      <marc:subfield code="0">(DE-101)121855953</marc:subfield>
      <marc:subfield code="a">Storch, Maja</marc:subfield>
      <marc:subfield code="d">1958-</marc:subfield>
      <marc:subfield code="e">Verfasser</marc:subfield>
      <marc:subfield code="4">aut</marc:subfield>
   </marc:datafield>
   <marc:datafield ind1="0" ind2="0" tag="245">
      <marc:subfield code="a">Rauchpause</marc:subfield>
      <marc:subfield code="b">wie das Unbewusste dabei hilft, das Rauchen zu vergessen</marc:subfield>
      <marc:subfield code="c">Maja Storch. Mit einem Vorw. von Otto Brändli</marc:subfield>
   </marc:datafield>
   <marc:datafield ind1=" " ind2=" " tag="250">
      <marc:subfield code="a">1. Aufl.</marc:subfield>
   </marc:datafield>
   <marc:datafield ind1=" " ind2=" " tag="259">
      <marc:subfield code="a">11</marc:subfield>
   </marc:datafield>
   <marc:datafield ind1=" " ind2="1" tag="264">
      <marc:subfield code="a">Bern</marc:subfield>
      <marc:subfield code="b">Huber</marc:subfield>
      <marc:subfield code="c">2008</marc:subfield>
   </marc:datafield>
   <marc:datafield ind1=" " ind2=" " tag="300">
      <marc:subfield code="a">131 S.</marc:subfield>
      <marc:subfield code="b">Ill., graph. Darst.</marc:subfield>
      <marc:subfield code="c">22 cm</marc:subfield>
   </marc:datafield>
   <marc:datafield ind1=" " ind2=" " tag="336">
      <marc:subfield code="a">Text</marc:subfield>
      <marc:subfield code="b">txt</marc:subfield>
      <marc:subfield code="2">rdacontent</marc:subfield>
   </marc:datafield>
   <marc:datafield ind1=" " ind2=" " tag="337">
      <marc:subfield code="a">ohne Hilfsmittel zu benutzen</marc:subfield>
      <marc:subfield code="b">n</marc:subfield>
      <marc:subfield code="2">rdamedia</marc:subfield>
   </marc:datafield>
   <marc:datafield ind1=" " ind2=" " tag="338">
      <marc:subfield code="a">Band</marc:subfield>
      <marc:subfield code="b">nc</marc:subfield>
      <marc:subfield code="2">rdacarrier</marc:subfield>
   </marc:datafield>
   <marc:datafield ind1=" " ind2="7" tag="650">
      <marc:subfield code="0">(DE-588)4048539-0</marc:subfield>
      <marc:subfield code="0">http://d-nb.info/gnd/4048539-0</marc:subfield>
      <marc:subfield code="0">(DE-101)040485390</marc:subfield>
      <marc:subfield code="a">Rauchen</marc:subfield>
      <marc:subfield code="2">gnd</marc:subfield>
   </marc:datafield>
   <marc:datafield ind1=" " ind2="7" tag="650">
      <marc:subfield code="0">(DE-588)4131194-2</marc:subfield>
      <marc:subfield code="0">http://d-nb.info/gnd/4131194-2</marc:subfield>
      <marc:subfield code="0">(DE-101)041311949</marc:subfield>
      <marc:subfield code="a">Attribution</marc:subfield>
      <marc:subfield code="2">gnd</marc:subfield>
   </marc:datafield>
   <marc:datafield ind1=" " ind2="7" tag="650">
      <marc:subfield code="0">(DE-588)4048542-0</marc:subfield>
      <marc:subfield code="0">http://d-nb.info/gnd/4048542-0</marc:subfield>
      <marc:subfield code="0">(DE-101)040485420</marc:subfield>
      <marc:subfield code="a">Raucherentwöhnung</marc:subfield>
      <marc:subfield code="2">gnd</marc:subfield>
   </marc:datafield>
   <marc:datafield ind1=" " ind2="7" tag="650">
      <marc:subfield code="0">(DE-588)4186835-3</marc:subfield>
      <marc:subfield code="0">http://d-nb.info/gnd/4186835-3</marc:subfield>
      <marc:subfield code="0">(DE-101)041868358</marc:subfield>
      <marc:subfield code="a">Unbewusstes</marc:subfield>
      <marc:subfield code="2">gnd</marc:subfield>
   </marc:datafield>
   <marc:datafield ind1=" " ind2=" " tag="653">
      <marc:subfield code="a">(VLB-FS)Rauchen</marc:subfield>
   </marc:datafield>
   <marc:datafield ind1=" " ind2=" " tag="653">
      <marc:subfield code="a">(VLB-FS)Raucher</marc:subfield>
   </marc:datafield>
   <marc:datafield ind1=" " ind2=" " tag="653">
      <marc:subfield code="a">(VLB-FS)Raucherentwöhnung</marc:subfield>
   </marc:datafield>
   <marc:datafield ind1=" " ind2=" " tag="653">
      <marc:subfield code="a">(VLB-FS)Nichtraucher</marc:subfield>
   </marc:datafield>
   <marc:datafield ind1=" " ind2=" " tag="653">
      <marc:subfield code="a">(VLB-PF)BC: Paperback</marc:subfield>
   </marc:datafield>
   <marc:datafield ind1=" " ind2=" " tag="653">
      <marc:subfield code="a">(VLB-WN)1465: HC/Ratgeber/Gesundheit/Erkrankungen, Heilverfahren</marc:subfield>
   </marc:datafield>
   <marc:datafield ind1=" " ind2="7" tag="655">
      <marc:subfield code="0">(DE-588)4048476-2</marc:subfield>
      <marc:subfield code="0">http://d-nb.info/gnd/4048476-2</marc:subfield>
      <marc:subfield code="0">(DE-101)040484769</marc:subfield>
      <marc:subfield code="a">Ratgeber</marc:subfield>
      <marc:subfield code="2">gnd-content</marc:subfield>
   </marc:datafield>
   <marc:datafield ind1=" " ind2="7" tag="655">
      <marc:subfield code="a">Ratgeber</marc:subfield>
      <marc:subfield code="2">gnd</marc:subfield>
   </marc:datafield>
   <marc:datafield ind1="0" ind2="0" tag="689">
      <marc:subfield code="0">(DE-588)4048539-0</marc:subfield>
      <marc:subfield code="0">http://d-nb.info/gnd/4048539-0</marc:subfield>
      <marc:subfield code="0">(DE-101)040485390</marc:subfield>
      <marc:subfield code="D">s</marc:subfield>
      <marc:subfield code="a">Rauchen</marc:subfield>
   </marc:datafield>
   <marc:datafield ind1="0" ind2="1" tag="689">
      <marc:subfield code="0">(DE-588)4131194-2</marc:subfield>
      <marc:subfield code="0">http://d-nb.info/gnd/4131194-2</marc:subfield>
      <marc:subfield code="0">(DE-101)041311949</marc:subfield>
      <marc:subfield code="D">s</marc:subfield>
      <marc:subfield code="a">Attribution</marc:subfield>
   </marc:datafield>
   <marc:datafield ind1="0" ind2=" " tag="689">
      <marc:subfield code="5">DE-101</marc:subfield>
      <marc:subfield code="5">DE-101</marc:subfield>
   </marc:datafield>
   <marc:datafield ind1="1" ind2="0" tag="689">
      <marc:subfield code="0">(DE-588)4048542-0</marc:subfield>
      <marc:subfield code="0">http://d-nb.info/gnd/4048542-0</marc:subfield>
      <marc:subfield code="0">(DE-101)040485420</marc:subfield>
      <marc:subfield code="D">s</marc:subfield>
      <marc:subfield code="a">Raucherentwöhnung</marc:subfield>
   </marc:datafield>
   <marc:datafield ind1="1" ind2="1" tag="689">
      <marc:subfield code="0">(DE-588)4186835-3</marc:subfield>
      <marc:subfield code="0">http://d-nb.info/gnd/4186835-3</marc:subfield>
      <marc:subfield code="0">(DE-101)041868358</marc:subfield>
      <marc:subfield code="D">s</marc:subfield>
      <marc:subfield code="a">Unbewusstes</marc:subfield>
   </marc:datafield>
   <marc:datafield ind1="1" ind2="2" tag="689">
      <marc:subfield code="A">f</marc:subfield>
      <marc:subfield code="a">Ratgeber</marc:subfield>
   </marc:datafield>
   <marc:datafield ind1="1" ind2=" " tag="689">
      <marc:subfield code="5">DE-101</marc:subfield>
      <marc:subfield code="5">DE-101</marc:subfield>
   </marc:datafield>
   <marc:datafield ind1=" " ind2=" " tag="850">
      <marc:subfield code="a">DE-101a</marc:subfield>
   </marc:datafield>
   <marc:datafield ind1="r" ind2=" " tag="925">
      <marc:subfield code="a">ra</marc:subfield>
   </marc:datafield>
</marc:record>
